000 00661nam a22001577a 4500
005 20250812120657.0
008 250812b |||||||| |||| 00| 0 eng d
050 _aTHE HG 4027.7 .O43 2007
_bC.1
100 _aOmar, Nagib Ali
245 _aEffects of Financial Planning on Business Performance: A Case Study of Small Businesses in Malindi District
260 _aKisii
_bKisii University
_c2007
300 _ax, 60p.:ill.
500 _aIncludes bibliographical references
650 _a1. Small business—Finance—Kenya. 2. Financial planning—Kenya. 3. Business performance—Kenya. 4. Business enterprises—Kenya—Malindi District.
942 _2lcc
_cREF
999 _c216028
_d216028